000
00320nam a22001337a 4500
003
SGT
020
_a
9788179104347
082
_a
371.9,GOE
100
_a
GOEL,SUSHIL KUMAR
245
_a
EMPOWERMENT OF SPECIAL CHILDREN
260
_a
JAIPUR
_b
Aavishkar Publishers & Distributors
_c
2013
300
_a
226
942
_2
ddc
_c
BK
999
_c
33508
_d
33508